• 首页
  • 本馆介绍
  • 公告通知
  • 最新文献
  • 馆藏检索
  • 电子资源
  • 读者导购
  • 参考咨询
  • 我的图书馆
  • 登录
  • 详细信息显示
  • 放入我的书架
  • 预约/预借图书
  • 作者相关作品
  • 分类相关作品
  • 丛书相关作品
  • 出版社相关作品

书目信息

  • 表格格式
  • 工作单格式
  • 卡片格式
题名:
定向越野
    
 
作者: 张晓威 编著
分册:  
出版信息: 北京   机械工业出版社  2020.1
页数: 200页
开本: 24cm
丛书名:
单 册:
中图分类: G826
科图分类:
主题词: 定向运动--越野项目--基本知识
电子资源:
ISBN: 978-7-111-62985-6
000 00902nam0 2200253 45
001 490129
005 20140817185730.0
010    @a978-7-111-62985-6@dCNY54.80
099    @aCAL 012020021575
100    @a20200313d2020 em y0chiy0110 ea
101 0  @achi
102    @aCN@b110000
105    @aak a 000yy
106    @ar
200 1  @a定向越野@Ading xiang yue ye@f张晓威编著
210    @a北京@c机械工业出版社@d2020.1
215    @a200页@c彩图@d24cm
320    @a有书目 (第200页)
330    @a本书系统、全面地介绍了定向越野的相关知识,主要内容包括:什么是定向越野、定向越野的物质条件、地图的识别、现地使用地图与指北针、定向越野比赛的技能、参加定向越野比赛、组织定向越野比赛、线路设计的要求与依据、定向越野地图的制作。
606 0  @a定向运动@x越野项目@x基本知识
690    @aG826@v5
701  0 @a张晓威@Azhang xiao wei@4编著
801    @aCN@b江苏凤凰@c20211018
905    @b1355749-52@dG826@e199@f4
    
    定向越野/张晓威编著.-北京:机械工业出版社,2020.1
    200页:彩图;24cm
    
    
    ISBN 978-7-111-62985-6:CNY54.80
    本书系统、全面地介绍了定向越野的相关知识,主要内容包括:什么是定向越野、定向越野的物质条件、地图的识别、现地使用地图与指北针、定向越野比赛的技能、参加定向越野比赛、组织定向越野比赛、线路设计的要求与依据、定向越野地图的制作。
●
相关链接 在E读中查询图书 在五车中查询图书 在当当中查询图书 在豆瓣中查询图书


正题名:定向越野     索取号:G826/199         预约/预借

序号 登录号 条形码 馆藏地/架位号 状态 备注
1 1355749   213557499   第一样本阅览室/ [索取号:G826/199] 在馆    
2 1355750   213557505   第四借阅区/ [索取号:G826/199] 在馆    
3 1355751   213557514   第四借阅区/ [索取号:G826/199] 在馆    
4 1355752   213557523   第四借阅区/ [索取号:G826/199] 在馆    
唐山师范学院图书馆 欢迎您!
大连网信软件有限公司© 版权所有